Practical financial management / (Record no. 864)

000 -LEADER
fixed length control field 01627cam a2200421 a 4500
003 - CONTROL NUMBER IDENTIFIER
control field CaOOAMICUS
005 - DATE AND TIME OF LATEST TRANSACTION
control field 20210621110336.0
008 - FIXED-LENGTH DATA ELEMENTS--GENERAL INFORMATION
fixed length control field 080115t20082009onca b 001 0 eng
020 ## - INTERNATIONAL STANDARD BOOK NUMBER
International Standard Book Number 9780176105358 :
040 ## - CATALOGING SOURCE
Transcribing agency CaOONL
043 ## - GEOGRAPHIC AREA CODE
Geographic area code n-cn---
050 ## - LIBRARY OF CONGRESS CALL NUMBER
Classification number HG4026
Item number .L38 2009
055 01 - CLASSIFICATION NUMBERS ASSIGNED IN CANADA
Classification number HG4026
055 #0 - CLASSIFICATION NUMBERS ASSIGNED IN CANADA
Classification number HG4026
Item number L38 2008
090 ## - LOCALLY ASSIGNED LC-TYPE CALL NUMBER (OCLC); LOCAL CALL NUMBER (RLIN)
Classification number (OCLC) (R) ; Classification number, CALL (RLIN) (NR) 658.15 LAS
090 ## - LOCALLY ASSIGNED LC-TYPE CALL NUMBER (OCLC); LOCAL CALL NUMBER (RLIN)
Classification number (OCLC) (R) ; Classification number, CALL (RLIN) (NR) 658.15 L13 2009
100 1# - MAIN ENTRY--PERSONAL NAME
Personal name Lasher, William.
245 10 - TITLE STATEMENT
Title Practical financial management /
Statement of responsibility, etc. William R. Lasher, Peggy L. Hedges, T.J. (Terry) Fegarty.
250 ## - EDITION STATEMENT
Edition statement Second Canadian edition
260 ## - PUBLICATION, DISTRIBUTION, ETC.
Place of publication, distribution, etc. Toronto :
Name of publisher, distributor, etc. Nelson Education,
Date of publication, distribution, etc. [2008], c2009.
300 ## - PHYSICAL DESCRIPTION
Extent xxii, 788 pages :
Other physical details color illustrations ;
Dimensions 26 cm.
336 ## - CONTENT TYPE
Content type term text
Content type code txt
Source rdacontent
337 ## - MEDIA TYPE
Media type term unmediated
Media type code n
Source rdamedia
338 ## - CARRIER TYPE
Carrier type term volume
Carrier type code nc
Source rdacarrier
504 ## - BIBLIOGRAPHY, ETC. NOTE
Bibliography, etc. note Includes bibliographical references and index.
650 #0 - SUBJECT ADDED ENTRY--TOPICAL TERM
Topical term or geographic name entry element Business enterprises
General subdivision Finance
Form subdivision Textbooks.
650 #0 - SUBJECT ADDED ENTRY--TOPICAL TERM
Topical term or geographic name entry element Corporations
General subdivision Finance
Form subdivision Textbooks.
700 1# - ADDED ENTRY--PERSONAL NAME
Personal name Hedges, Peggy L.,
Dates associated with a name 1958-
700 1# - ADDED ENTRY--PERSONAL NAME
Personal name Fegarty, Terry J.,
Dates associated with a name 1943-
770 0# - SUPPLEMENT/SPECIAL ISSUE ENTRY
Main entry heading McDougald, John (John A.)
Title Study guide for use with Practical financial management, second Canadian edition.
Place, publisher, and date of publication Toronto : Nelson Education, c2009.
Record control number (CaOONL)20080165788
770 0# - SUPPLEMENT/SPECIAL ISSUE ENTRY
Main entry heading Lasher, William.
Title Instructor's resource CD to accompany Practical financial management.
Edition Second Canadian ed.
Place, publisher, and date of publication [Toronto] : Nelson Education, c2009 [i.e. 2008].
Record control number (CaOONL)20080131328
910 ## - USER-OPTION DATA (OCLC)
User-option data Canadian
942 ## - ADDED ENTRY ELEMENTS (KOHA)
Source of classification or shelving scheme
Koha item type Book
Suppress in OPAC SO
Holdings
Withdrawn status Lost status Source of classification or shelving scheme Damaged status Not for loan Permanent Location Current Location Shelving location Date acquired Total Checkouts Full call number Barcode Date last seen Price effective from Koha item type Public note
          AU LIBRARY AU LIBRARY Open Shelf 21.06.2021   HG4026 .L38 2009 28000255 21.06.2021 21.06.2021 Book SO

Powered by Koha